| 000 | 00817cam a22002534a 4500 | ||
|---|---|---|---|
| 008 | |||
| 020 | _a1-4051-2409-1(pbk.) | ||
| 049 | _aMAIN | ||
| 050 | 0 | 0 |
_aHD38.5 _bSUP |
| 245 | 0 | 0 |
_aSupply chains and total product systems : _ba reader / _ceditors, Ed Rhodes, James P. Warren and Ruth Carter. |
| 260 |
_aMalden, MA : _bBlackwell Pub. in association with the Open University, _c2006. |
||
| 300 |
_axviii, 527 p. : _bill. ; _c26 cm. |
||
| 500 | _aIncludes index. | ||
| 504 | _aIncludes bibliographical references and index. | ||
| 650 | 0 | _aBusiness logistics. | |
| 700 | 1 | _aRhodes, Ed. | |
| 700 | 1 | _aWarren, James P. | |
| 700 | 1 | _aCarter, Ruth. | |
| 907 |
_a.b10251972 _b27-01-16 _c01-10-07 |
||
| 003 | |||
| 005 | 20230123134509.0 | ||
| 040 | _cNUST | ||
| 942 | _cBOOKS | ||
| 999 |
_c166957 _d166957 |
||